000 00469nam a2200169Ia 4500
999 _c1177
_d1177
003 OSt
005 20201001152719.0
008 190216s9999||||xx |||||||||||||| ||und||
040 _coclc
082 _a561
_bAND/S
100 _aAndrews, Henry N
_95294
245 0 _aStudies In Paleobotany /
_cHenry N Andrews
260 _bJohn Wiley & Sons,
_c1961.
_aNew York:
300 _a487p
650 _aBotany
942 _cBK
_2ddc
_h561
_iAND/S
_k561
_mAND/S